| 000 | 00506nam a2200169 4500 | ||
|---|---|---|---|
| 001 | 113555 | ||
| 003 | ES-MaACL | ||
| 005 | 20230906185934.0 | ||
| 007 | t| | ||
| 008 | 061121s1971 sp r ||||1| spa d | ||
| 100 | 1 |
_aPacaut, Marcel. _988107 |
|
| 245 | 1 | 0 |
_aFederico Barbarroja / _cMarcel Pacaut ; traducción Victorio Peral Domínguez. |
| 260 |
_aMadrid : _bEspasa Calpe, _c1971. |
||
| 300 |
_a227 p. ; _c18 cm. |
||
| 700 | 1 |
_aPeral Domínguez, Victorio. _990355 |
|
| 852 |
_aES-MaACL _jC-42017 _bR.78840 |
||
| 999 |
_c113555 _d113555 |
||